| 000 | 00701cam a22002051 4500 | ||
|---|---|---|---|
| 001 | 7502267 | ||
| 005 | 20070507094350.0 | ||
| 008 | 750625s1960 xx 000 0 eng | ||
| 010 | _a 62014939 | ||
| 040 |
_aDLC _cMCED _dDLC |
||
| 042 | _apremarc | ||
| 050 | 0 | 0 |
_aBR115 _b.R63 1960 |
| 100 | 1 |
_aRobinson, John A. T. _q(John Arthur Thomas), _d1919-1983. |
|
| 245 | 1 | 0 |
_aOn being the Church in the world _c[by] John A. T. Robinson. |
| 260 |
_aPhiladelphia, _bWestminster Press, _c[c1960] |
||
| 300 |
_a158 p. _c23 cm. |
||
| 650 | 0 | _aChurch. | |
| 942 |
_2lcc _cBK |
||
| 999 |
_c19296 _d19296 |
||